| 000 | 01387cad a22002535a 4500 | ||
|---|---|---|---|
| 001 | L142306 | ||
| 008 | 080204e20080130xxkd f s 000 0 eng d | ||
| 035 | _a(Sirsi) u142306 | ||
| 041 | 0 | _aeng | |
| 050 | 0 | 4 | _a333.33 $2 18 |
| 110 | 2 |
_aRoyal Institution of Chartered Surveyors _bEconomics _95033 |
|
| 245 | 0 | 0 |
_aRICS housing accessibility and affordability update for Great Britain _h[electronic resource] |
| 260 |
_aLondon _bRICS _c2007 |
||
| 520 | _aAnalysis of Q4 in 2007 reveals that accessibility has continued to worsen, particularly for first time buyers. However the burden of mortgage payments on existing owners has improved, as earnings rose, interest rates were static and the amount lent fell slightly. London remains the least accessible region, and has seen the worst deterioration in accessibility and affordability as FTB prices rose rapidly. Scotland and the North East of England are the most accessible areas. | ||
| 521 | 2 | _aAdvanced | |
| 590 | _aKA | ||
| 650 | 2 | 4 |
_aAffordable housing _96215 |
| 650 | 2 | 4 | _aRICS AFFORDABILITY INDEX |
| 650 | 2 | 4 | _aRICS ACCESSIBILITY INDEX |
| 651 | 4 |
_aGreat Britain _y1707- |
|
| 690 | _aPROPERTY-RESIDENTIAL PROPERTY-RESIDENTIAL PROPERTY MARKET | ||
| 856 | 4 | 0 |
_uhttps://www.rics.org/Newsroom/Keyissues/UKresidentialpropertymarket/affordability_q42007_rn_300108.htm _zView the item free of charge at www.rics.org... |
| 942 | _n0 | ||
| 999 |
_c107861 _d107861 |
||